Statistiken für Alle Transfers von Jürgen Klopp beim BVB

Klicken Sie hier um das Quiz zu spielen!

Allgemein

  • Dieses Quiz wurde 466 mal gespielt
  • Das Durchschnittsergebnis liegt bei 18 aus 41

Antwortstatistiken

SaisonAblöseVorheriger
Verein
Spieler% Korrekt
12/1317,1GladbachMarco Reus
91%
10/114,75Lech PosenRobert Lewandowski
83%
09/104,2*BayernMats Hummels
81%
13/1413,0St. EtiennePierre-Emerick Aubameyang
77%
14/158,0Man UnitedShinji Kagawa
77%
10/110,35Cerezo OsakaShinji Kagawa
77%
12/13;
14/15
1,0 (L)
7,0
Real MadridNuri Sahin
69%
08/094,5MainzNeven Subotic
66%
09/104,2Colo ColoLucas Barrios
63%
14/1518,5FC TurinCiro Immobile
62%
11/125,5NürnbergIlkay Gündogan
61%
09/10-RW AhlenKevin Großkreutz
56%
14/1510,0FreiburgMatthias Ginter
52%
10/110,5Melbourne Vic.Mitchell Langerak
51%
13/1427,5DonezkHenrikh Mkhitaryan
50%
09/101,51860Sven Bender
50%
08/092,8HamburgMohamed Zidan
43%
14/159,7HerthaAdrián Ramos
42%
13/149,9BremenSokratis Papastathopoulos
42%
14/15-AugsburgDong-won Ji
41%
12/135,5StuttgartJulian Schieber
41%
10/11-HerthaLukasz Piszczek
40%
14/1512,0RB SalzburgKevin Kampl
39%
08/092,1FigueirenseFelipe Santana
38%
10/11-1860Moritz Leitner
30%
08/090,1 (L)TottenhamKevin-Prince Boateng
29%
12/132,7CottbusLeonardo Bittencourt
29%
13/142,2PartizanMilos Jojic
29%
12/130,35LauternOliver Kirch
29%
11/124,0FC BrüggeIvan Perisic
27%
10/11-KarlsruheAntônio da Silva
25%
11/120,225ChemnitzChris Löwe
25%
08/092,5BremenPatrick Owomoyela
24%
09/101,0CottbusDimitar Rangelov
22%
13/14-VereinslosManuel Friedrich
21%
08/091,25KarlsruheTamás Hajnal
19%
09/10-Stade RennesDamien Le Tallec
12%
09/10-MainzMarkus Feulner
12%
08/090,5TottenhamYoung-pyo Lee
11%
08/09-ThannhausenBajram Sadrijaj
8%
08/09-PaderbornLukas Kruse
8%

Verteilung der Resultate

Perzentil nach korrekt beantworteten Fragen

Anzahl Personen mit jedem Resultat

Ihre Resultats-Entwicklung

Sie haben dieses Quiz noch nicht gespielt